000 01068nam a2200253 i 4500
003 IT-RoINE
005 20201021094058.0
008 020801s1971 it r 001 | ita d
040 _aSpMaUCDE
_cIT-RoINE
_dIT-RoINE
100 1 _aConte, Pietro,
_951572
_d1931-
245 1 0 _aChiesa e primato nelle lettere dei Papi del secolo VII :
_bcon appendice critica /
_cPietro Conte.
260 _aMilano :
_bVita e Pensiero,
_c1971.
300 _aXV, 586 p. ;
_c22 cm.
336 _2rdacontent
_atext
337 _2rdamedia
_aunmediated
338 _2rdacarrier
_avolume
490 1 _aPubblicazioni dell'Università Cattolica del Sacro Cuore.
_aSaggi e ricerche.
_aSer. 3.,
_aScienze storiche ;
_v4
500 _aIncluye índices.
504 _aIncluye: Fonti, regesti repertori, Bibliografia (p. 4-29)
650 4 _aPapas
_xPrimacía
_ySiglo 7o.
_xFuentes
_951773
650 4 _951740
_aPapas
_xHistoria
_ySiglo 7o.
_xFuentes
830 0 _951741
_aPubblicazioni dell'Università cattolica del Sacro Cuore.
_pSaggi e ricerche.
_nSerie terza,
_pScienze storiche
_v4
942 _cMTS
999 _c26131
_d26131